000 00905nam a2200301 a 4500
001 53419
003 BD-RjUL
005 20211209075946.0
008 161008s1990 enka b 001 0 eng
020 _a1584881658
035 _a(BD-RjUL)53539
035 _a5015
040 _aDLC
_beng
_cDLC
_dDLC
_dOrLoB-B
041 _aeng
082 0 0 _a519.5
_223
_bDOI 1990
100 1 _aDobson, Annette J.,
_d1945-
_9159681
245 1 3 _aAn introduction to generalized linear models /
_cAnnette J. Dobson.
250 _a2nd ed.
260 _aLondon :
_bChapman & Hall,
_cc1990.
300 _ax, 174 p. :
_bill. ;
_c24 cm.
490 1 _aChapman & Hall/CRC texts in statistical science series
500 _aIncludes index
650 0 _aLinear models (Statistics)
_9119621
830 0 _aTexts in statistical science.
_9159683
942 _2ddc
_cBK
999 _c53419
_d53419